| 000 | 02670nam0a2200409 4500 | ||
|---|---|---|---|
| 001 | RU\NLR\BIBL_A\022315592 | ||
| 005 | 20260420014307.0 | ||
| 010 |
_a978-5-00209-034-1 _9500 |
||
| 021 |
_aRU _bКН-П-24-043625 _9КН-П-24-4347 |
||
| 035 | _a(NLR Aleph) 022315592 | ||
| 090 |
_a13664716 _c13664716 |
||
| 100 | _a20240906d2023 k y0rusy50 ca | ||
| 101 | 0 | _arus | |
| 102 | _aRU | ||
| 105 | _aa|||z|||000yy | ||
| 181 | 0 |
_ai _baxxe |
|
| 182 | 0 | _an | |
| 200 | 1 |
_aОптимизация процессуальной формы гражданского и административного судопроизводства и повышение эффективности правосудия _eмонография _fАлексеева Н. В., доцент, канд. юрид. наук, Л. В. Ярошенко, доцент, канд. юрид. наук, Багыллы С. Т., доцент, канд. юрид. наук [и др.] _gпод редакцией доктора юридических наук, профессора С. В. Никитина _gФедеральное государственное бюджетное образовательное учреждение высшего образования Российский государственный университет правосудия |
|
| 203 |
_aТекст _bвизуальный _cнепосредственный |
||
| 210 |
_aМосква _cРГУП _d2023 |
||
| 215 |
_a214, [1] с. _cтабл. _d21 |
||
| 300 | _aАвт. указаны на обороте тит. с. | ||
| 320 | _aБиблиогр. в подстроч. примеч. | ||
| 606 | 1 |
_aПравовые нормы _xЭффективность _92585391 _3RU\NLR\AUTH\661528155 |
|
| 606 | 1 |
_aСудопроизводство _yРоссийская Федерация _92474351 _3RU\NLR\AUTH\6601686216 |
|
| 686 | 1 | _aХ062.05 | |
| 686 | 1 | _aХ629.01 | |
| 701 | 1 |
_7ca _8rus _aАлексеева _bН. В. _cканд. юрид. наук _gНаталья Владимировна _970107 _3RU\NLR\AUTH\7787179 |
|
| 701 | 1 |
_aЯрошенко _bЛ. В. _gЛариса Владимировна |
|
| 701 | 1 |
_aБагыллы _bС. Т. _gСафура Теймуразовна |
|
| 702 | 1 |
_4340 _7ca _8rus _aНикитин _bС. В. _cд-р юрид. наук _f1956- _gСергей Васильевич _971039 _3RU\NLR\AUTH\7788111 |
|
| 712 | 0 | 2 |
_4475 _aРоссийский государственный университет правосудия _9468867 _3RU\NLR\AUTH\880400996 |
| 942 | _cBOOK | ||
| 980 | _aNB | ||